Normal view
MARC view
- شيبانيون - تاريخ - كسرى انو شروان
Entry Topical Term
001 - CONTROL NUMBER
- control field: 36418
003 - CONTROL NUMBER IDENTIFIER
- control field: JO-AjAnu
005 - DATE AND TIME OF LATEST TRANSACTION
- control field: 20230606080100.0
008 - FIXED-LENGTH DATA ELEMENTS
- fixed length control field: 230606|| aca||aabn | a|a d
040 ## - CATALOGING SOURCE
- Original cataloging agency: JO-AjAnu
- Transcribing agency: JO-AjAnu
150 ## - HEADING--TOPICAL TERM
- Topical term or geographic name entry element: شيبانيون - تاريخ - كسرى انو شروان
670 ## - SOURCE DATA FOUND
- Source citation: Work cat.: (JO-AjAnu)18697: تحقيق محمد جاسم حمادي المشهداني, author 36417, حرب بني شيبان مع كسرى انو شروان : رواية بشر بن مروان الاسدي